Défenseurs et Gardiens des canadiens de Montréal - Statistiques

Statistiques générales
  • Ce quiz a été pris 64 fois
  • Le résultat moyen est 8 sur 10
Statistiques - réponses
Hint Réponse % Correct
8 Matheson
98%
58 Savard
85%
21 Guhle
84%
35 Montembeault
84%
30 Primeau
75%
34 Allen
73%
47 Struble
73%
52 Barron
69%
26 Kovacevic
60%
54 Harris
55%
Aucun quiz correspondant
Distribution des résultats
% des personnes avec chaque résultat
Percentile par nombre de réponses
Votre historique - résultats
Vous n’avez pas pris ce quiz